| 000 | 01213cam a2200229 4500 | ||
|---|---|---|---|
| 001 | L130182 | ||
| 002 | 8773 | ||
| 008 | 050630n2005 000 0 eng u | ||
| 020 |
_a1405121475 _a9781405171694 |
||
| 035 | _a(Sirsi) u130182 | ||
| 050 |
_a690.2 _c18 |
||
| 100 | _aNoy, Edward A | ||
| 245 | _aBuilding surveys and reports | ||
| 250 | _a3rd rev. ed. | ||
| 260 |
_aOxford _bBlackwell Publishing Ltd _c2005 |
||
| 350 | _a34.99 | ||
| 520 | _aThis book provides guidance on carrying out property surveys for typical residential, commercial and industrial buildings and includes advice on diagnosing defects. Considers modern and older construction methods and materials. Discusses the particular problems involved with alteration and renovation including carrying out measured surveys. Updated and expanded to cover the latest procedures and research. Also includes new appendices containing the Construction Industry Council's list of definitions of building inspections and surveys, sample survey schedules, advice on surveying safely and a glossary of building inspection terms. Bibliography. | ||
| 590 | _aIKA020805 | ||
| 690 |
_aBuilding surveying _96225 |
||
| 700 | _aDouglas, James | ||
| 942 | _n0 | ||
| 999 |
_c104382 _d104382 |
||